Gaming Quiz

Random Gaming or Video Games Quiz

Color My Game! Quiz Stats

 Plays Quiz Updated Jun 7, 2018

Support Sporcle.
Go Orange.
Score 0/16 Timer 03:00
1 Play Today
Question Answer Wrong Answers
Colonel Mustard
Clue(do)
Colonel Mustard
95.6%
Mrs. Peacock
1.2%
Professor Plum
0.9%
Mrs. White
0.5%
Pinky
Pac-Man
Pinky
93.1%
Clyde
3.8%
Blinky
1.5%
Inky
1.5%
Hit
Battleship
Hit
84.3%
Miss
2.5%
Battleship
5.1%
Water
5.5%
Boardwalk/Mayfair
Monopoly
Boardwalk/Mayfair
75.1%
Pennsylvania Ave/Oxford St
4.8%
Virginia Ave/Northumberland Ave
5.6%
Marvin Gardens/Piccadilly
4.1%
Obsidian
Minecraft
Obsidian
71.9%
Iron Block
6.7%
Gold Block
4.4%
Brick Block
9.7%
Brick
The Settlers of Catan
Brick
71.8%
Ore
4.7%
Wool
2.5%
Wheat
10%
Luigi
Mario Kart DS
Luigi
69.3%
Mario
8.5%
Wario
3%
Waluigi
6.6%
Entertainment Wedge
Trivial Pursuit
Entertainment
55.1%
History
12.4%
Science & Nature
9.4%
Geography
12.9%
Triangle Button
Sony PlayStation Console
Triangle
48.6%
Circle
18.8%
X
11.8%
Square
8.8%
Sausage Candy
Candy Crush Saga
Sausage
38%
Cabochon
30.7%
Planet
5.7%
Hex
12.9%
Bullseye
Target Archery
Bullseye
32.2%
White Ring
12.6%
Black Ring
44.7%
Blue Ring
4.7%
First Player
Nine-Wicket Croquet
Blue ball
29%
Red ball
30.8%
Black ball
11.1%
Yellow ball
17.5%
China
Risk
China
27.1%
Madagascar
23.5%
Great Britain
13.4%
Eastern Australia
23.7%
Henry Hippo
Hungry Hungry Hippos
Henry Hippo
25%
Homer Hippo
38.7%
Harry Hippo
11%
Happy Hippo
17.3%
Double Word Score
Scrabble
Double Word Score
23.2%
Triple Word Score
22%
Triple Letter Score
36.4%
Double Letter Score
14.3%
Star Performer
Cranium
Star Performer
18.2%
Word Worm
35.1%
Data Head
17.1%
Creative Cat
20.1%

You're not logged in!

Compare scores with friends on all Sporcle quizzes.
OR
Log In

From the Vault

Regurgitated Hip-Hop Lyrics (Clips)

by MrChewypoo

This is what all hip hop is going to sound like once auto-tune becomes sentient.
Remove Ads.
Support Sporcle.
Get the best of Sporcle when you Go Orange. This ad-free experience offers more features, more stats, and more fun while also helping to support Sporcle. Thank you for becoming a member.

Show Comments

Extras

Top Quizzes Today


Score Distribution

Your Account Isn't Verified!

In order to create a playlist on Sporcle, you need to verify the email address you used during registration. Go to your Sporcle Settings to finish the process.

Report this User

Report this user for behavior that violates our Community Guidelines.

Details: